000 00445cam a2200181ua 4500
020 _c6.00
041 _aeng
_h
082 _a621.3
_bGUP/EL
100 _aGupta, S S .
245 _aElectrical engineering: A C and D C machines /
_cS S Gupta.
_hTextual Documents
250 _a1 /
_b.
260 _aAllahabad :
_bSaroj Prakashan ,
_c1969.
300 _a212 ; .
365 _a6.00
504 _a
942 _cBK
999 _c9690
_d9690